Enología práctica : conocimiento y elaboración del vino /

Guardado en:
Autor Principal: Peynaud, Emile
Formato: Libro
Publicado: Madrid : Mundi-prensa
Edición:3a. ed. rev. y ampliada
Etiquetas: Agregar Etiqueta
Sin Etiquetas, Sea el primero en etiquetar este registro!
LEADER 00514nam a22001695a 4500
001 CEM.cems017356
005 20100301115150.0
008 130507b######################000#0#####d
003 CEMS
020 |a 8471142147 
082 0 4 |a 663.2 
100 1 |a Peynaud, Emile 
245 1 0 |a Enología práctica :  |b conocimiento y elaboración del vino /  |c Emile Peynaud 
250 |a 3a. ed. rev. y ampliada 
260 |a Madrid :  |b Mundi-prensa 
300 |a 406 p. 
859 |a CEMS  |b BIB. CEMS - Agricultura  |h 663.2  |i P464  |p A18729.95  |t Ej.1  |v 1  |3 Vol. 1